<?xml version="1.0" encoding="UTF-8"?>
<marc:record xmlns:marc="http://www.loc.gov/MARC21/slim">
   <marc:leader>00000nam a2200000 a 4500</marc:leader>
   <marc:datafield ind1="0" ind2="0" tag="245">
      <marc:subfield code="a">Frohe Weihnachten</marc:subfield>
   </marc:datafield>
   <marc:datafield ind1="0" ind2="0" tag="245">
      <marc:subfield code="b">das grosse NordSüd-Weihnachtsbuch</marc:subfield>
   </marc:datafield>
   <marc:datafield ind1=" " ind2="1" tag="264">
      <marc:subfield code="a">Zürich</marc:subfield>
      <marc:subfield code="b">NordSüd Verlag</marc:subfield>
      <marc:subfield code="c">2016</marc:subfield>
   </marc:datafield>
   <marc:datafield ind1=" " ind2=" " tag="250">
      <marc:subfield code="a">1. Auflage</marc:subfield>
   </marc:datafield>
   <marc:datafield ind1="1" ind2=" " tag="520">
      <marc:subfield code="a">Diese wunderschöne Geschichtensammlung ist ein Schatz aus 50 Jahren NordSüd-Verlagsgeschichte. Sie garantiert Lesefreude und glückliche Lesestunden für die ganze Familie. Wenn Weihnachten vor der Tür steht, ist alles möglich. Davon erzählen die ausgewählten Geschichten, mal augenzwinkernd humorvoll, mal besinnlich und nachdenklich. Ein wertiges Hausbuch mit international bekannten Autoren und Illustratoren wie Erich Kästner, O. Henry, Hans de Beer, Marcus Pfister, Bernadette, Lisbeth Zwerger, Jozef Wilkon, Béatrice Rodriguez, Maja Dusíková, Hans Fischer, Herbert Leupin, Antonie Schneider, Brigitte Weninger, Eve Tharlet und vielen mehr. (Verlagstext)</marc:subfield>
   </marc:datafield>
   <marc:datafield ind1=" " ind2=" " tag="020">
      <marc:subfield code="a">9783314103513</marc:subfield>
      <marc:subfield code="9">9783314103513</marc:subfield>
   </marc:datafield>
   <marc:datafield ind1=" " ind2=" " tag="020">
      <marc:subfield code="a">3314103514</marc:subfield>
      <marc:subfield code="9">3314103514</marc:subfield>
   </marc:datafield>
   <marc:datafield ind1=" " ind2=" " tag="041">
      <marc:subfield code="a">ger</marc:subfield>
   </marc:datafield>
   <marc:datafield ind1=" " ind2=" " tag="338">
      <marc:subfield code="a">Band</marc:subfield>
   </marc:datafield>
   <marc:datafield ind1=" " ind2=" " tag="300">
      <marc:subfield code="a">271 S.</marc:subfield>
   </marc:datafield>
</marc:record>
